书目信息 |
| 题名: |
探寻全球主义国际关系
|
|
| 作者: | 王逸舟 著 | |
| 分册: | ||
| 出版信息: | 北京 北京大学出版社 2005 |
|
| 页数: | 394页 | |
| 开本: | 23cm | |
| 丛书名: | 未名社科菁华·国际关系学 | |
| 单 册: | ||
| 中图分类: | D81-53 | |
| 科图分类: | ||
| 主题词: | 国际关系--文集 , 国际关系 | |
| 电子资源: | ||
| ISBN: | 7-301-09047-1 | |
| 000 | 01013oam2 2200277 450 | |
| 001 | 012007240747 | |
| 005 | 20070523095034.79 | |
| 010 | @a7-301-09047-1@dCNY40.00 | |
| 100 | @a20070515d2005 km y0chiy0120 ea | |
| 101 | 0 | @achi |
| 102 | @aCN@b110000 | |
| 105 | @aa z 000yy | |
| 106 | @ar | |
| 200 | 1 | @a探寻全球主义国际关系@Atan xun quan qiu zhu yi guo ji guan xi@f王逸舟著@Fwang yi zhou zhu |
| 210 | @a北京@c北京大学出版社@d2005 | |
| 215 | @a394页@d23cm | |
| 225 | 2 | @a未名社科菁华·国际关系学 |
| 330 | @a本文集收录了王逸舟过去十年间发表的主要文章,反映了这一时期作者研究工作的方向。这些文章的主要目标,是对全球主义理念的探寻,对全球政治中各种复杂现象的辨识,对全球化时代国际关系不同侧面的梳理。 | |
| 461 | 0 | @12001 @a未名社科菁华·国际关系学 |
| 510 | 1 | @aInternational relations in a globalized perspective@zeng |
| 606 | 0 | @a国际关系@j文集 |
| 606 | 0 | @a国际关系 |
| 690 | @aD81-53@v4 | |
| 701 | 0 | @a王逸舟@Awang yi zhou@f(1957~)@4著 |
| 801 | 0 | @aCN@bRULIN@c20070523 |
| 905 | @dD81-53@e93@s8 | |
| 探寻全球主义国际关系/王逸舟著.-北京:北京大学出版社,2005 |
| 394页;23cm.-(未名社科菁华·国际关系学) |
| ISBN 7-301-09047-1:CNY40.00 |
| 本文集收录了王逸舟过去十年间发表的主要文章,反映了这一时期作者研究工作的方向。这些文章的主要目标,是对全球主义理念的探寻,对全球政治中各种复杂现象的辨识,对全球化时代国际关系不同侧面的梳理。 |
| ● |
| 相关链接 |
|
|
|
|
正题名:探寻全球主义国际关系
索取号:D81-53/93
 
预约/预借
| 序号 | 登录号 | 条形码 | 馆藏地/架位号 | 状态 | 备注 |
| 1 | 0576098 | 205760988 | 第一样本阅览室/ [索取号:D81-53/93] | 在馆 | |
| 2 | 0576099 | 205760997 | 密集书库/ [索取号:D81-53/93] | 在馆 | |
| 3 | 0576100 | 205761004 | 密集书库/ [索取号:D81-53/93] | 在馆 | |
| 4 | 0576101 | 205761013 | 密集书库/ [索取号:D81-53/93] | 在馆 | |
| 5 | 0576102 | 205761022 | 第一借阅区/ [索取号:D81-53/93] | 在馆 | |
| 6 | 0576103 | 205761031 | 第一借阅区/ [索取号:D81-53/93] | 在馆 | |
| 7 | 0576104 | 205761040 | 第一借阅区/ [索取号:D81-53/93] | 在馆 | |
| 8 | 0576105 | 205761059 | 第一借阅区/ [索取号:D81-53/93] | 在馆 |